Loading...
| Current Events - Current Events | 4 | 20.00 | 75% | 75% | 50% |
| Fine Arts - Auditory Fine Arts | 4 | 10.00 | 0% | 50% | 50% |
| Fine Arts - Other Fine Arts | 7 | 11.43 | 43% | 29% | 43% |
| Fine Arts - Visual Fine Arts | 1 | 20.00 | 0% | 100% | 100% |
| Geography - Geography | 2 | 20.00 | 50% | 100% | 50% |
| History - American History | 6 | 15.00 | 50% | 17% | 83% |
| History - European History | 6 | 18.33 | 50% | 67% | 67% |
| History - Other History | 3 | 13.33 | 67% | 0% | 67% |
| History - World History | 5 | 16.00 | 60% | 40% | 60% |
| Literature - American Literature | 4 | 15.00 | 50% | 75% | 25% |
| Literature - British Literature | 3 | 10.00 | 33% | 33% | 33% |
| Literature - European Literature | 4 | 20.00 | 75% | 50% | 75% |
| Literature - World Literature | 3 | 20.00 | 67% | 67% | 67% |
| Mythology - Mythology | 8 | 17.50 | 50% | 50% | 75% |
| Philosophy - Philosophy | 2 | 20.00 | 50% | 50% | 100% |
| Religion - Religion | 1 | 30.00 | 100% | 100% | 100% |
| Science - Biology | 5 | 16.00 | 80% | 40% | 40% |
| Science - Chemistry | 9 | 13.33 | 56% | 44% | 33% |
| Science - Other Science | 5 | 22.00 | 80% | 100% | 40% |
| Science - Physics | 5 | 20.00 | 60% | 80% | 60% |
| Social Science - Social Science | 5 | 18.00 | 60% | 60% | 60% |
| Trash - Trash | 2 | 20.00 | 50% | 100% | 50% |